Arsonist's Lullaby - Hozier (All Lyrics) - Statistics

General Stats
  • This quiz has been taken 18 times
  • The average score is 179 of 204
Answer Stats
Lyrics % Correct
a
100%
and
100%
And
100%
But
100%
child,
100%
heard
100%
I
100%
I'd
100%
in
100%
scream
100%
Some
100%
some
100%
voices
100%
was
100%
When
100%
would
100%
All
93%
all
93%
clothes
93%
flame,
93%
for
93%
have
93%
hours
93%
into
93%
is
93%
me
93%
my
93%
need
93%
on
93%
On
93%
open
93%
sing
93%
sit
93%
the
93%
Thought
93%
thought
93%
to
93%
You
93%
you
93%
your
93%
alone
87%
always
87%
Always
87%
away
87%
barely
87%
Could
87%
demons
87%
Don't
87%
ended
87%
ever
87%
eyes
87%
fire
87%
gasoline
87%
had
87%
it
87%
keep
87%
knew
87%
leash
87%
mine
87%
perfect
87%
place
87%
power
87%
senses
87%
Staring
87%
tame
87%
tear
87%
that
87%
them
87%
with
87%
choices
80%
died
80%
few
80%
fooled
80%
learned
80%
love's
80%
man,
80%
reach
80%
soon
80%
ashes
73%
find
73%
something
73%
ache
67%
depended
67%
has
67%
rule
67%
scent
67%
sixteen,
67%
wake
60%
Mmm,
53%
mmm,
53%
mmm
53%
this
53%
peace
47%
No matching quizzes found
Score Distribution
Percent of People with Each Score
Percentile by Number Answered
Your Score History
You have not taken this quiz